| 000 | 00469nam a22001217a 4500 | ||
|---|---|---|---|
| 082 | _a220 PRO | ||
| 100 |
_aShehzil Ali Burney Rizwan Ur Rehman Waqar Us Salaam _971851 |
||
| 245 | _aPR-SOF-1678-Improvement and Modification of A3-3-32 Diesel Engine Turbocharger Dynamic Balancing Machine | ||
| 260 |
_aISLAMABAD _bNUST COLLEGE OF EME _c2018 |
||
| 650 | _aDE-MTS-36 | ||
| 700 |
_aSupervised by Col Nasir Rashid Syed Dr Amir Hamza Col. Shafqat Hussain _971852 |
||
| 942 | _cCR | ||
| 999 |
_c578144 _d578144 |
||